000 02015nam0a2200373 4500
001 RU\NLR\bibl\1063329
005 20260407143804.0
010 _a5-7159-0308-4
_9200
021 _aRU
_b2007-9174
_9485
035 _a(nilc)RSL-KNO-003044875
035 _a(NLR Aleph) 001050591
090 _a876040
_c876040
100 _a20070301d2006 |||y0rusy50 ca
101 0 _arus
102 _aRU
105 _ay |||||||||
106 _ar
200 1 _aМатематика в художественном слове
_eучебная хрестоматия
_fБашк. ин-т развития образования
_g[сост. Венера Гавазовна Яфаева]
210 _aУфа
_cИзд-во БИРО
_d2006
215 _a84 с.
_d21
320 _aБиблиогр.: с. 83 (23 назв.)
606 1 _aМатематика
_jХрестоматии
_xПреподавание
_xИгровые методы
_92256450
_3RU\NLR\auth\661353200
610 0 _aКультура. Наука. Просвещение -- Народное образование. Педагогические науки -- Дошкольное воспитание. Дошкольная педагогика -- Дошкольная педагогика -- Российская Федерация -- Теория обучения в дошкольном возрасте -- Развитие математических представлений. Счёт. Ориентировка во времени -- Хрестоматия для высшей школы
686 _aЧ411,6(2)383я73-3
_2rubbk
686 _aЧ426.24-25я7
702 1 _aЯфаева
_bВ. Г.
_gВенера Гавазовна
_4220
712 0 2 _4570
_aБашкирский институт развития образования
_cУфа
_3RU\NLR\AUTH\8810016418
_9530695
801 0 _aRU
_bРКП
_c20070301
_grcr
801 1 _aRU
_bРГБ
_c20070301
801 2 _aRU
_bNLR
_c20070323
_grcr
942 _cBOOK
980 _aNB
980 _aNBR